000 nam a22 a 4500
999 _c65860
_d65860
003 BLK
005 20210205153007.0
008 180408b bul|||||r ||||||| ||bul||
010 _aKNG00070142000
020 _a954-91978-1-6
040 _aBLK
041 _aBUL
_cBUL
080 _aМетоди за въвеждане на стандартите в практиката. Прилагане на стандартите
_b006.06
_x:657(100)(075)
_z006.06:657(100)(075)
139 _aМеждународни стандарти за финансови отчети
_bМ 45
245 1 0 _aМеждународни стандарти за финансови отчети
_bСитуации, казуси, решения : Практ. курс
_cпрев. Миленка Савова.
257 _aBGR
260 _bИкономика-прес
_c2007
_fСофия : Симолини
_aСофия
300 _a364 с.
_bс табл., сх.
_c29 см
380 _a0
500 _aБез сведение за ориг. загл. - Офс. изд.
650 4 _aСчетоводство - стандартизация и нормализация
_9270225
653 _aсчетоводство
653 _aфинанси
653 _aмеждународни стандарти
653 _aучебници
700 1 _aСавова, Миленка
_eпрев.
_9292663
852 _aЦб ІІ 14190
_bЦб
856 4 _qpdf
856 4 _qpdf
942 _cKNG
_n0
_s1
944 _aCR
_c19.12.2006
_kЛюдмила_Стоянова
944 _aED
_c03.12.2007
999 _d65860